[Event "Pan American-ch U20"]
[Site "Riobamba"]
[Date "2007.08.20"]
[Round "4"]
[White "Calderon, Oliver"]
[Black "Calderon, Jonathan"]
[Result "0-1"]
[WhiteElo "1972"]
[BlackElo "2031"]
[PlyCount "108"]
[EventDate "2007.08.18"]
[EventType "swiss"]
[EventRounds "9"]
[EventCountry "ECU"]
[SourceTitle "CBM 120 Extra"]
[Source "ChessBase"]
[SourceDate "2007.11.01"]
[SourceVersion "1"]
[SourceVersionDate "2007.11.01"]
[SourceQuality "1"]

1. c4 e5 2. Nc3 Nc6 3. e4 Bc5 4. Nf3 d6 5. d3 Bg4 6. Be2 Bxf3 7. Bxf3 Nd4 8. 0-0 Ne7 9. g3 0-0 10. Be3 Nec6 11. Bg2 Ne6 12. Bxc5 Nxc5 13. Nd5 a5 14. f4 Nd4 15. f5 f6 16. Rb1 c6 17. Nc3 Qb6 18. Kh1 a4 19. Qd2 Qb4 20. Rf2 a3 21. b3 Rfc8 22. g4 h6 23. h4 Kf7 24. Nb5 Qxd2 25. Nxd6+ Kf8 26. Rxd2 Rd8 27. b4 Ncb3 28. axb3 a2 29. Ra1 Nxb3 30. Rdxa2 Nxa1 31. Rxa8 Rxa8 32. Nxb7 Rb8 33. Na5 Rxb4 34. Nxc6 Rb3 35. Bf1 Nc2 36. Be2 Ke8 37. Na5 Rb1+ 38. Kg2 Nd4 39. Bf1 Rb2+ 40. Kg3 Kd7 41. c5 Ra2 42. c6+ Nxc6 43. Nxc6 Kxc6 44. Kf3 Kc5 45. Ke3 Kb4 46. Be2 Kc3 47. h5 Rb2 48. Bd1 Ra2 49. Be2 Ra1 50. Bf3 Rb1 51. Be2 Re1 52. Kf2 Kd2 53. Bf1 Rxf1+ 54. Kxf1 Kxd3 0-1

[Event "Pan American-ch U20"]
[Site "Riobamba"]
[Date "2007.08.18"]
[Round "1"]
[White "Morales, Julio Cesar"]
[Black "Calderon, Oliver"]
[Result "0-1"]
[WhiteElo "2137"]
[BlackElo "1972"]
[PlyCount "94"]
[EventDate "2007.08.18"]
[EventType "swiss"]
[EventRounds "9"]
[EventCountry "ECU"]
[SourceTitle "CBM 120 Extra"]
[Source "ChessBase"]
[SourceDate "2007.11.01"]
[SourceVersion "1"]
[SourceVersionDate "2007.11.01"]
[SourceQuality "1"]

1. d4 d5 2. c4 c6 3. Nc3 Nf6 4. Nf3 e6 5. Bg5 h6 6. Bh4 Be7 7. e3 Nbd7 8. Bd3 b6 9. Rc1 Bb7 10. 0-0 0-0 11. cxd5 Nxd5 12. Bg3 Nxc3 13. Rxc3 c5 14. Bb1 Bf6 15. Qc2 g6 16. Ne5 Nxe5 17. dxe5 Be7 18. Qa4 Qd5 19. f3 Qc6 20. Qf4 Kg7 21. Bh4 g5 22. Qg4 Rh8 23. f4 Qxg2+ 24. Qxg2 Bxg2 25. Bxg5 hxg5 26. Kxg2 Rad8 27. Rd3 c4 28. Rdd1 Bc5 29. Rxd8 Rxd8 30. fxg5 Bxe3 31. h4 Rd2+ 32. Kf3 Bd4 33. h5 Bxb2 34. h6+ Kf8 35. g6 Bxe5 36. gxf7 c3 37. Ke3 Rh2 38. Kd3 Rxh6 39. Bc2 Rf6 40. Re1 Rf5 41. Kc4 Rg5 42. Rf1 Rg2 43. Bb3 Rd2 44. Rc1 Kxf7 45. a4 a5 46. Bc2 Rd4+ 47. Kxc3 Rd1+ 0-1

[Event "Pan American-ch U18"]
[Site "Cuenca"]
[Date "2006.08.??"]
[Round "9"]
[White "Calderon, Oliver"]
[Black "Gomez, Carlos David"]
[Result "0-1"]
[WhiteElo "2002"]
[BlackElo "2197"]
[PlyCount "52"]
[EventDate "2006.08.??"]
[EventType "swiss"]
[EventRounds "9"]
[EventCountry "ECU"]
[SourceTitle "EXT 2022"]
[Source "ChessBase"]
[SourceDate "2021.10.06"]
[SourceVersion "1"]
[SourceVersionDate "2021.10.06"]
[SourceQuality "1"]

1. c4 Nf6 2. Nc3 g6 3. e4 d6 4. d4 Bg7 5. Nf3 0-0 6. Be2 e5 7. d5 a5 8. 0-0 h6 9. h3 Nh5 10. a3 Nf4 11. Re1 Nxe2+ 12. Nxe2 Nd7 13. Be3 f5 14. Nc3 f4 15. Bd2 Nc5 16. Qc2 a4 17. Kf1 g5 18. Ke2 h5 19. Nh2 Nb3 20. Qd3 g4 21. hxg4 hxg4 22. Rab1 Qh4 23. Rh1 Nd4+ 24. Kd1 g3 25. fxg3 fxg3 26. Be1 Qh5+ 0-1